header

Origins of language (Record no. 31984)

MARC details
000 -LEADER
fixed length control field 01280nam a2200337 a 4500
245 00 - TITLE STATEMENT
Title Origins of language
260 ## - PUBLICATION, DISTRIBUTION, ETC. (IMPRINT)
Place of publication Tokyo :
Name of publisher Springer,
Year of publication 2008.
300 ## - PHYSICAL DESCRIPTION
Number of Pages viii, 157 p. :
Other physical details ill.
650 #0 - SUBJECT ADDED ENTRY--TOPICAL TERM
Topical Term Language and languages
Topical Term Human evolution.
Topical Term Anthropological linguistics.
Topical Term Animal communication.
Topical Term Primates
700 1# - ADDED ENTRY--PERSONAL NAME
Personal name Masataka, Nobuo,
856 40 - ELECTRONIC LOCATION AND ACCESS
Uniform Resource Identifier http://site.ebrary.com/lib/rucke/Doc?id=10253485

No items available.

© 2026 Rongo University
Contact us: librarian | system librarian | Rongo university